000 00342nam a2200145Ia 4500
008 230718s9999 xx 000 0 und d
041 _aEng.
082 _aKNS 26
_bMYN-L
100 _aMyneni, Dr. S.R
245 0 _aLegal Language writing legal
260 _aPakistan
_bAsia Law House
_c2017
300 _a563
650 _aLaw
999 _c31355
_d31355